Регионална библиотека "Любен Каравелов" - Русе

Доспехи и оружие (Запис номер 42736)

MARC детайли
000 -Лидер
Контролно поле с фиксирана дължина 01841nam a2200397 c 4500
003 - Код на организацията, давaща контролен номер
Контролно поле BLK
005 - Дата и час на последна редакция
Контролно поле 20210707134508.0
008 - Елементи от данни с фиксирана дължина
fixed length control field 180408b bul|||||r ||||||| ||bul||
010 ## - Наследен системен номер
LC control number KNG00046404000
020 ## - Международен стандартен номер на книга ISBN
Международен стандартен номер на книга ISBN 0-7513-8685-5
-- издат.: Дорлинг Киндерсли Лимитед - (Великобритания)
020 ## - Международен стандартен номер на книга ISBN
Международен стандартен номер на книга ISBN 5-85-50-576-8
-- издат.: Слово - (Русия)
040 ## - Източник на каталожния запис
Идентификатор на билиотеката - собственик на записа BLK
041 ## - Код за език
Код за езика на текст/звукозапис или на отделно заглавие Руски
Код за езика КДБФ Руски
080 ## - УДК
Текстов определител УДК Оръжие. Въоръжение. Артилерийско-техн. въоръжение. БТР. Стрелково оръжие. Боеприпаси и БОВ. Управляеми и неупр. ракети
УДК код - определител по УДК 623.4
УДК определител
УДК - код + определител 623.4
100 1# - Редна дума - Автор
Автор Байм, Майкл
Авторска отговорност първи автор
R(LIN) 35410
139 ## - Редно поле
Редна дума Байм, Майкл
Авторски знак Баи - Б 14
245 10 - Сведения за заглавието
Заглавие Доспехи и оружие
Редно поле (дума) Майкл Байм; пер. с англ. Екатерина Капранова.
250 ## - Област на изданието
Сведения за изданието 3. изд.
257 ## - Страна на издаване
Страна на създаване/издаване Великобритания
260 ## - Област на издателските данни
-- Лондон и др.
Име на издателя, разпространителя и проч. Дорлинг Киндерсли Лимитед
-- Слово
Година на издаване 1999
300 ## - Физическа характеристика
Страници 64 с
Илюстрации и др. с цв. ил.
Размери/Мащаб 29 см
380 ## - Жанр
Жанр Детска отраслова лит.
490 1# - СЕРИИ (Колекции)
Име на серия Очевидец обо всем на свете
500 ## - Общи забележки
Забележка 1. изд. 1996. - Ориг. загл. Eyewitness Guides - Arms Armour. - Други м. и. : Нью-Йорк, Штутгарт, Москва. - Азб. показалец.
650 #4 - Допълнително описание по предмет – тема
Основно описание – тема или топоним Оръжие
9 (RLIN) 165228
653 ## - Ключова дума – ненормативна
Ключова дума оръжие
653 ## - Ключова дума – ненормативна
Ключова дума доспехи
653 ## - Ключова дума – ненормативна
Ключова дума литература за деца
653 ## - Ключова дума – ненормативна
Ключова дума детска литература
700 1# - Други автори (авторска отговорност)
Лично име Капранова, Екатерина
Автороска отговорност (Описва отношението между автора и произведението) пер. с англ.
9 (RLIN) 76201
852 ## - Местоположение
Форматна сигнатура Цб ІІ 10940
856 4# - Електронен адрес и достъп
Електронен формат pdf - файл
Път до файла /url/
856 4# - Електронен адрес и достъп
Електронен формат pdf - файл
Път до файла /url/
942 ## - АРТИКУЛИ
Вид на библиотечния материал Книги
Скрит в OPAC Не
Koha issues (borrowed), all copies 1
944 ## - СЪЗДАВАНЕ И РЕДАКЦИЯ на ЗАПИСА
Създаване/Редакция Създаване
Дата на регистрацията/редакция 01.01.1999
Статус, дата на статуса ф /
Служител, извършил регистрацията/редакцията AB_DOS
944 ## - СЪЗДАВАНЕ И РЕДАКЦИЯ на ЗАПИСА
Създаване/Редакция Редакция
Дата на регистрацията/редакция 20.08.2015
Статус, дата на статуса ф /
Служител, извършил регистрацията/редакцията Людмила_Стоянова
999 ## - СИСТЕМНИ КОНТРОЛНИ НОМЕРА
Koha biblionumber 42736
Koha biblioitemnumber 42736
Наличности
Код за отписване Код за изгубен артикул Източник на класификационната схема Код за повреда Коз за рестрикции Код за отдаване Артикулен № Име на библиотеката - собственик Име на библиотеката, в която се намира в момента Статус (Текущо местоположение) Дата на вписване в системата Местоположение - отдел Цена в лева Инвентарен номер Систематично азбучна сигнатура Баркод Номер на екземпляра Цена в евро Служебна бележка Служебен тип на артикула
  Не е изгубен Universal Decimal Classification Не е повреден без рестрикции заемане за дома 67179 Регионална библиотека "Любен Каравелов" Русе Регионална библиотека "Любен Каравелов" Русе Детски отдел 2001-01-01 Детски отдел 4.00 660422 ДН 62/Б 14 120000660422 1 2.05 Дост: Pk Вид: Ф N: стар фонд Дата: 01.01.1996 Дата инв: 20.08.2015 Бележки инв: Д2015 Книги
Vip Innovations Ltd, Rousse, Bulgaria 2025